| 000 | 00732nam a22002297a 4500 | ||
|---|---|---|---|
| 999 |
_c6649 _d6649 |
||
| 003 | AR-CdUCM | ||
| 008 | 190318b ||||| |||| 00| 0 spa d | ||
| 040 |
_aMUNICIPALIDAD PROVINCIAL DEL CUSCO _cBIBLIOTECA MUNICIPAL DEL CUSCO |
||
| 041 | _heng | ||
| 082 |
_25ed. _a657.03 / _bK72 |
||
| 100 |
_aKohler, Earl R. _918703 |
||
| 245 | _aDiccionario de términos económicos y contables / | ||
| 260 |
_aLima : _bCorporación editora continental, _c1980. |
||
| 300 |
_a478 páginas ; _c22 cm. |
||
| 500 | _aTitulo original: disctonary of economic and accounting terms. | ||
| 505 | _aDiccionario. | ||
| 650 |
_aEconomía _9382 |
||
| 650 |
_aContabilidad _910543 |
||
| 650 |
_aDiccionario _95196 |
||
| 942 |
_2ddc _cLIBROS |
||
| 945 | _aacv | ||